| 000 | 01672nam1a2200325 i 4500 | ||
|---|---|---|---|
| 001 | RU\NLR\BIBL_A\012703847 | ||
| 005 | 20241103154856.0 | ||
| 035 | _a(NLR Aleph) 012703847 | ||
| 090 |
_a12887505 _c12887505 |
||
| 100 | _a20211220g19 9999um y0rusy50 ca | ||
| 101 | 0 | _arus | |
| 102 | _aRU | ||
| 105 | _a||||z|||||||| | ||
| 181 | 0 |
_ai _baxxe |
|
| 182 | 0 | _an | |
| 200 | 1 |
_aДети войны Койгородского района _eдетство, опалённое войной _e[1941-1945 _eсборник воспоминаний] _fв подготовке книги участвовали: Юрова Р.В. [и др.] _gотв. ред.: Юрова Р.В., Ускирева А.В. |
|
| 203 |
_aТекст _bвизуальный _cнепосредственный |
||
| 210 |
_aСыктывкар _cКоми республиканская типография _d2021 |
||
| 215 | _d29 | ||
| 300 | _aВ макете загл.: Дети войны Койгородского района. Детство, опалённое войной | ||
| 517 | 1 | _aДетство, опалённое войной | |
| 606 |
_aВеликая Отечественная война _jБиографические словари _x1941 - 1945 _yКойгородский район (Коми) _92502967 _3RU\NLR\AUTH\6601699776 |
||
| 686 | 1 | _aТ3(2)722.9-9(2Р-6Ко)я21 | |
| 686 | 1 | _aЦ35(2)722(2Р-6Ко)я21 | |
| 702 | 1 |
_aЮрова _bР.В _gРоза Всеволодовна _4220 |
|
| 852 |
_aNLR _jС 2021-5/81 |
||
| 942 | _cBOOK | ||